000 00759cam a2200157 4500500
005 20260405003202.0
041 _afre
042 _adc
100 1 0 _aWahnich, Sophie
_eauthor
245 0 0 _aLes musées d'histoire du xxe siècle en Europe
260 _c2005.
500 _a12
520 _aRésuméLes pouvoirs publics ont consacré d’importants budgets pour mettre à disposition du public des versions « sensibles » de leur histoire ; une histoire faite d’émotions, capable de venir prendre le visiteur là où la mémoire familiale et l’histoire scolaire l’ont laissé.
786 0 _nÉtudes | 403 | 7 | 2005-07-01 | p. 29-41 | 0014-1941
856 4 1 _uhttps://shs.cairn.info/revue-etudes-2005-7-page-29?lang=fr&redirect-ssocas=7080
999 _c2065139
_d2065139